BIBLIOTHÈQUE DE LA MAISON DU MEXIQUE

Logo 1 Logo 2

Por la señal de Hunab Ku (notice nᵒ 11321)

détails MARC
000 -Sello discográfico
campo de control de longitud fija 00735nam a2200277 4500
005 - Identificación de versión
campo de control 20251016081947.0
035 ## - Otros números de control del sistema
Número de control del sistema 9809
099 ## - fechas locales
Tipo de ítem Koha LIBRO
100 ## - Datos de procesamiento general
Datos de procesamiento general 20040503d1955 m y1spay5003 ba
105 ## - Campo de datos codificados: Material textual, monográfico
Datos codificados de monografía y 001zy
200 1# - Título y mención de responsabilidad
Título propio Por la señal de Hunab Ku
Designación general del material texto impreso
Otra información del título reflejos de la vida de los antiguos mayas
Primer mención de responsabilidad José Castillo Torre
210 ## - Publicación, distribución, etc.
Lugar de publicación, distribución, etc. México
Nombre del editor, distribuidor, etc. Librería de Manuel Porrúa
Fecha de publicación, distribución, etc. 1955
215 ## - Descripción física
Designación de material específico y extensión del ítem 286 p
Dimensiones 21 cm
345 ## - Nota de información de adquisición
Fuente de adquisición/dirección de la suscripción [OBSOLETO] Donación
410 #1 - Series
Título Biblioteca Mexicana
Número de volumen 15
606 ## - Término temático usado como materia
Elemento de entrada Mayas
Número Koha 418
660 ## - Código de área geográfica
Código MX
676 ## - Clasificación Decimal Dewey
Número 970.8 C352p
700 ## - Nombre personal - Responsabilidad primaria
Elemento de entrada Castillo Torre
Parte del nombre distinta del elemento de entrada José
Número Koha 17965
801 #0 - Fuente de origen
Agencia cm
900 ## -
-- 1/7349
900 ## -
-- 7100419114\030504
942 ## - ELEMENTOS DE ENTRADA SECUNDARIOS (KOHA)
Tipo de ítem Koha Livre

Pas d'exemplaire disponible.